| 000 | 00894nam a2200265 a 4500 | ||
|---|---|---|---|
| 003 | PILC | ||
| 005 | 20160316153130.0 | ||
| 008 | 121126s19uu xx 00 eng d | ||
| 020 | _a9780521189316 | ||
| 050 |
_aD 431 _b.W45 2011 |
||
| 100 | _aWells, Mike. | ||
| 245 |
_aHistory : _cMike Wells. _bfor the IB diploma : causes, practices and effects of wars / |
||
| 260 |
_aCambridge, UK : _bCambridge University Press, _c2011. |
||
| 300 |
_a240 pages : _billustrations (some color) ; _c26 cm. |
||
| 440 | _aHistory for the IB Diploma. | ||
| 500 | _aIncludes index. | ||
| 650 |
_aMilitary history, Modern _x20th century. |
||
| 650 |
_aWar _xHistory _x20th century. |
||
| 650 | _aWorld War, 1914-1918. | ||
| 650 | _aWorld War, 1939-1945. | ||
| 650 |
_aChina _xHistory _xCivil War, 1945-1949. |
||
| 650 |
_aSpain _xHistory _xCivil War, 1936-1939. |
||
| 942 |
_cBK _2lcc _kFOR |
||
| 999 |
_c39455 _d39455 |
||